| 000 | 00412nam a22001817a 4500 | ||
|---|---|---|---|
| 003 | NUST | ||
| 020 | _a9780070607446 | ||
| 038 | _akhadija | ||
| 082 |
_a620.11223 _bFON |
||
| 100 |
_aFontana, Mars G. _982960 |
||
| 245 | _aCorrosion Engineering | ||
| 250 | _a3rd ed. | ||
| 260 |
_aNew Delhi : _bMcGraw Hill, _c2015. |
||
| 300 |
_a556 p. ; _b22 cm. |
||
| 500 | _aPaperback. | ||
| 563 | _aPB | ||
| 942 |
_cBK _2ddc |
||
| 999 |
_c33710 _d33710 |
||